| 000 -LEADER |
| fixed length control field |
00327nam a2200145Ia 4500 |
| 008 - FIXED-LENGTH DATA ELEMENTS--GENERAL INFORMATION |
| fixed length control field |
200615s9999||||xx |||||||||||||| ||und|| |
| 020 ## - INTERNATIONAL STANDARD BOOK NUMBER |
| International Standard Book Number |
9788121925242 |
| 082 ## - DEWEY DECIMAL CLASSIFICATION NUMBER |
| Classification number |
620 |
| Item number |
THE-K |
| 100 ## - MAIN ENTRY--PERSONAL NAME |
| Personal name |
KHURMI,RS |
| 245 #0 - TITLE STATEMENT |
| Title |
THEORY OF MECHANICS |
| 250 ## - EDITION STATEMENT |
| Edition statement |
9TH |
| 260 ## - PUBLICATION, DISTRIBUTION, ETC. |
| Place of publication, distribution, etc. |
new delhi |
| Name of publisher, distributor, etc. |
S.CHAND |
| Date of publication, distribution, etc. |
2017 |
| 300 ## - PHYSICAL DESCRIPTION |
| Extent |
915 |
| 942 ## - ADDED ENTRY ELEMENTS (KOHA) |
| Koha item type |
Book |